=LDR 00000nam 2200000 4500 =001 INLIS000000000033116 =005 20130612135105 =008 ***********************************ind** =035 ##$$0010-061300000033116 =041 ##$$a ind =082 ##$$a 616.858 82 =090 ##$$a 616.858 82, Bai m =100 ##$$a Baihaqi, Mif =245 ##$$a Memahami dan membantu anak ADHD : Buku wajib bagi guru yang berempati dan tahu praktis juga untuk orang tua/ Mif Baihaqi, M. Sugiarmin; Editor, Anna Susana =260 ##$$a 2008 $b Bandung =300 ##$$a xxii,157 hlm., 23 cm =650 ##$$a Anak - Autis =700 ##$$a Sugiarmin, M =850 ##$$a NBPNMAT =990 ##$$a 0001/BPAP-NTB/20142015 =990 ##$$a 0001/BPAP-NTB/2015 =990 ##$$a 0001/BPAP-NTB/2015 =990 ##$$a 0001/BPAP-NTB/2015